RICS housing accessibility and affordability update for Great Britain (Record no. 107431)

MARC details
000 -LEADER
fixed length control field 01413cab a2200241 4500
001 - CONTROL NUMBER
control field L140131
008 - FIXED-LENGTH DATA ELEMENTS--GENERAL INFORMATION
fixed length control field 070116e20070111 d f s 000 0 eng u
035 ## - SYSTEM CONTROL NUMBER
System control number (Sirsi) u140131
041 0# - LANGUAGE CODE
Language code of text/sound track or separate title eng
050 04 - LIBRARY OF CONGRESS CALL NUMBER
Classification number 333.33 $2 18
110 2# - MAIN ENTRY--CORPORATE NAME
Corporate name or jurisdiction name as entry element Royal Institution of Chartered Surveyors
Subordinate unit Economics
9 (RLIN) 5033
245 00 - TITLE STATEMENT
Title RICS housing accessibility and affordability update for Great Britain
Remainder of title first time buyer woes deepen as prices and rates rise
Medium [electronic resource]
260 ## - PUBLICATION, DISTRIBUTION, ETC.
Place of publication, distribution, etc. RICS
Name of publisher, distributor, etc. London
Date of publication, distribution, etc. 2007
490 #0 - SERIES STATEMENT
Series statement RICS Accessibility and Affordability Indices
Volume/sequential designation Q2 2007
520 ## - SUMMARY, ETC.
Summary, etc. Finds that accessibility and affordability have worsened as first-time buyer (FTB) house price growth continues to outpace lower quartile income growth. London is the least affordable region and has seen the biggest decline in affordability, with mortgage payments taking 8% of a lower quartile couple's combined take home pay. The North West and Yorkshire and Humberside are the most affordable regions. Scotland has seen the worst decline in accessibility as FTB prices crossed the Stamp Duty threshold.
590 ## - LOCAL NOTE (RLIN)
Local note KA
650 24 - SUBJECT ADDED ENTRY--TOPICAL TERM
Topical term or geographic name entry element RICS AFFORDABILITY INDEX
650 24 - SUBJECT ADDED ENTRY--TOPICAL TERM
Topical term or geographic name entry element RICS ACCESSIBILITY INDEX
651 #4 - SUBJECT ADDED ENTRY--GEOGRAPHIC NAME
Geographic name United Kingdom
Chronological subdivision
690 ## - LOCAL SUBJECT ADDED ENTRY--TOPICAL TERM (OCLC, RLIN)
Topical term or geographic name as entry element PROPERTY-RESIDENTIAL PROPERTY
856 40 - ELECTRONIC LOCATION AND ACCESS
Uniform Resource Identifier <a href="https://www.rics.org/site/download_feed.aspx?fileID=1558&fileExtension=PDF">https://www.rics.org/site/download_feed.aspx?fileID=1558&fileExtension=PDF</a>
Public note View the report free of charge at www.rics.org
942 ## - ADDED ENTRY ELEMENTS (KOHA)
Suppress in OPAC 0
Holdings
Withdrawn status Lost status Source of classification or shelving scheme Damaged status Not for loan Home library Current library Shelving location Date acquired Total Checkouts Full call number Barcode Date last seen Copy number Price effective from Koha item type
    Dewey Decimal Classification     Virtual Virtual Online 05/09/2007   ONLINE PUBLICATION 140131-1001 06/08/2019 1 06/08/2019 Book